000 00719nam a2200193 a 4500
001 000040740
005 20201002034338.0
008 130905s2012 xxuab 000 0 spa d
020 _a9788482983882
040 _aDO-SdBNP
_bspa
_cBNPHU
082 _axxxx
_bxxxx
245 0 0 _aMundos para explorar :
_bhistorias clásicas de viajes y aventuras del national geographic /
_ceditor Mark Jenkins ; prólogo Simon Winchester.
250 _a2a ed.
260 _aWashigton :
_bNational Geographic,
_c2012.
300 _axxvi, 495 p. :
_bil., maps. ;
_c24 cm.
500 _aIncluye índice analítico
504 _aIncluye referencias bibliográficas y notas al pie de las páginas
700 1 _aSimon Winchester,
_epról.
_967147
999 _c40230
_d40230